000 00957cam a2200289 a 4500
001 2405837
003 OSt
005 20151216084509.0
008 860716r19861979nyuacf b 001 0 eng
010 _a 86018741
040 _aDLC
_cDLC
_dDLC
050 0 0 _aDD 247
_b.H37D68 1971
082 0 0 _aHS 940.53
_b.H18 1979
100 2 _aDouglas-Hamilton, James,
_d1942-
_914562
245 1 0 _aMotive for a mission :
_bthe story behind Rudolf Hess's flight to Britain /
_cJames Douglas-Hamilton ; with a foreword by Alan Bullock.
260 _aLondon :
_bTransworld Publisher,
_cc1971.
300 _a329 p, :
_c18 cm.
504 _aincludes bibliography and index.
562 _e1
600 1 0 _aHess, Rudolf,
_d1894-1987.
_914563
600 1 0 _aHaushofer, Albrecht,
_d1903-1945.
_914564
650 _aHess, Rudolf
_914565
650 _aHoushofer, Albrecht
_914566
906 _a7
_bcbc
_corignew
_d1
_eocip
_f19
_gy-gencatlg
942 _2lcc
_cBK
999 _c9664
_d9664